Catalog

Record Details

Catalog Search



Evangelische Theologie in unserer Zeit : ein Leitfaden Cover Image Book Book

Evangelische Theologie in unserer Zeit : ein Leitfaden Eberhard Hübner

Hübner, Eberhard (Author).

Record details

  • Physical Description: 468 S.
  • Edition: 2. Aufl.
  • Publisher: Bremen Carl Schünemann Verlag 1966

Available copies

  • 1 of 1 copy available at Common Catalog SPOK.

Holds

  • 0 current holds with 1 total copy.
Show Only Available Copies
Location Call Number / Copy Notes Barcode Shelving Location Status Due Date
ETS Library 230.044 424470004167 Volný výběr Available -

LDR 00669nam a2 00241
00138430
003CZ-PrJAB
00520030724000000.0
008010917s1966 xr e |||| |ger
009ge
035 . ‡a(CONS)2564
035 . ‡aKPS9592
040 . ‡aABG450
041 . ‡ager
08214. ‡a230.044
100 . ‡74353 ‡aHübner, Eberhard
245 . ‡aEvangelische Theologie in unserer Zeit : ‡bein Leitfaden ‡cEberhard Hübner
250 . ‡a2. Aufl.
260 . ‡aBremen ‡bCarl Schünemann Verlag ‡c1966
300 . ‡a468 S.
653 . ‡aEvangelische Theologie in unserer Zeit
8524 . ‡bETS ‡bETS ‡cVolný výběr ‡j230.044 ‡gA ‡p424470004167
910 . ‡aABG450
999 . ‡a2564 ‡bAUTOGEN ‡c2564 ‡tbiblio
905 . ‡uadmin
901 . ‡a38430 ‡b ‡c38430 ‡tbiblio ‡sets

Additional Resources